Al rey nvestro señor, por la provincia de la compañia de Iesvs de la Nueva España. (Record no. 8196)

MARC details
000 -CABECERA
campo de control de longitud fija 01150nam a2200277 a 4500
001 - NÚMERO DE CONTROL
campo de control BRCA_8530
005 - FECHA Y HORA DE LA ÚLTIMA TRANSACCIÓN
campo de control 20190320210325.0
008 - DATOS DE LONGITUD FIJA--INFORMACIÓN GENERAL
campo de control de longitud fija 100816s1647----mx-#######---#000-0#spa-#
041 ## - CÓDIGO DE LENGUA
Código de lengua del texto/banda sonora o título independiente spa
044 ## - CÓDIGO DEL PAÍS DE LA ENTIDAD EDITORA/PRODUCTORA
Código MARC del país mx
050 #4 - SIGNATURA TOPOGRÁFICA DE LA BIBLIOTECA DEL CONGRESO
Número de clasificación F1326
Número de documento/Ítem .A316
-- 1647?
245 10 - MENCIÓN DE TÍTULO
Título Al rey nvestro señor, por la provincia de la compañia de Iesvs de la Nueva España.
260 ## - PUBLICACIÓN, DISTRIBUCIÓN, ETC.
Lugar de publicación, distribución, etc. México
Nombre del editor, distribuidor, etc. [s.e]
Fecha de publicación, distribución, etc. 1647?
300 ## - DESCRIPCIÓN FÍSICA
Extensión 278 p.
Dimensiones 20 cm
500 ## - NOTA GENERAL
Nota general Fondo antiguo
500 ## - NOTA GENERAL
Nota general Se encuentra en Caja Fuerte
500 ## - NOTA GENERAL
Nota general D00017
500 ## - NOTA GENERAL
Nota general En portada: En satisfacción de vn libro de el visitador obispo D. Juan de Palafox y Mendoza. Publicado en nombre de el dean y cabildo de sv iglesia catedral de la puebla de los angeles
500 ## - NOTA GENERAL
Nota general Con Ex-libris de: Franz Mayer
500 ## - NOTA GENERAL
Nota general Estado físico: Ejemplar que carece de encuadernación, p. 7 rota de la parte superior derecha, algunas páginas se encuentran manchadas
500 ## - NOTA GENERAL
Nota general Conservado en caja blanca de papel
506 0# - NOTA DE RESTRICCIONES AL ACCESO
Limitaciones de acceso Fondo reservado: para su consulta es necesario credencial de usuario y carta de motivos
650 14 - PUNTO DE ACCESO ADICIONAL DE MATERIA--TÉRMINO DE MATERIA
Término de materia o nombre geográfico como elemento de entrada Jesuitas
Subdivisión cronológica Siglo XVII
Subdivisión geográfica Puebla
9 (RLIN) 21396
902 ## - CATALOGADOR
Iniciales LAR
942 ## - ELEMENTOS DE PUNTO DE ACCESO ADICIONAL (KOHA)
Fuente del sistema de clasificación o colocación Library of Congress Classification
Tipo de ítem Koha Libros
Holdings
Estado de retiro Estado de pérdida Estado dañado No para préstamo Localización permanente Ubicación/localización actual Fecha de adquisición Número de inventario Total de préstamos Signatura topográfica completa Código de barras Fecha visto por última vez Precio válido a partir de Tipo de ítem Koha
El ejemplar forma parte de la colección y puede ser consultado según las políticas vigentes.       Biblioteca del Museo Franz Mayer (Rogerio Casas-Alatriste) Biblioteca del Museo Franz Mayer (Rogerio Casas-Alatriste) 10/08/2016 D00017   F1326 .A316 1647? (D00017) LAR00037 22/03/2019 22/03/2019 Libros